000 00753aam a2200289 i 4500
001 768714001
003 CO-MdFUSB
005 20250505120205.0
007 ta
008 250505t1970 ag |||| |||| 00| 0 spa d
040 _cCO-MdFUSB
041 0 _aspa
082 0 4 _223
_a241
_bV157m
100 1 _aValentine, Foy
_eautor
245 1 0 _aMuestrame tu fe
_c/ Foy Valentine
250 _aprimera edición
264 1 _bCasa Bautista de Publicaciones,
_aEl Paso. TX., USA :
_c[1971]
264 4 _c©1971
300 _a102 páginas
336 _atexto
_btxt
_2rdacontent
337 _2rdamedia
_asin mediación
_bn
338 _2rdacarrier
_avolumen
_bnc
563 _aRústico
650 7 _aÉtica cristiana
_9185
942 _cBK
945 _aJTF-925
999 _c35378
_d35378